Fundamentals of human resource management / (Record no. 4948)
[ view plain ]
| 000 -LEADER | |
|---|---|
| fixed length control field | 01277nac a22003011u 4500 |
| 010 ## - LIBRARY OF CONGRESS CONTROL NUMBER | |
| LC control number | 2005052292 |
| 020 ## - INTERNATIONAL STANDARD BOOK NUMBER | |
| International Standard Book Number | 0072934255 (alk. paper) |
| 020 ## - INTERNATIONAL STANDARD BOOK NUMBER | |
| International Standard Book Number | 9780072934250 |
| 022 ## - INTERNATIONAL STANDARD SERIAL NUMBER | |
| International Standard Serial Number | 978001107075 (International ed.) |
| 082 00 - DEWEY DECIMAL CLASSIFICATION NUMBER | |
| Classification number | 658.3 |
| Item number | N763 |
| 090 ## - LOCALLY ASSIGNED LC-TYPE CALL NUMBER (OCLC); LOCAL CALL NUMBER (OCLC) | |
| -- | 4948 |
| -- | 4948 |
| 100 ## - MAIN ENTRY--PERSONAL NAME | |
| Personal name | Noe, Raymond A. |
| 245 00 - TITLE STATEMENT | |
| Title | Fundamentals of human resource management / |
| Statement of responsibility, etc | Raymond A. Noe ... [et al.]. |
| 246 30 - VARYING FORM OF TITLE | |
| Title proper/short title | Human resource management |
| 250 ## - EDITION STATEMENT | |
| Edition statement | 2nd ed. |
| Remainder of edition statement | International ed. |
| 260 ## - PUBLICATION, DISTRIBUTION, ETC. (IMPRINT) | |
| Place of publication, distribution, etc | Boston : |
| Name of publisher, distributor, etc | McGraw-Hill/Irwin, |
| Date of publication, distribution, etc | c2007. |
| 300 ## - PHYSICAL DESCRIPTION | |
| Extent | xxix, 594 p. : |
| Other physical details | ill. (chiefly col.) ; |
| Dimensions | 25 cm. |
| 500 ## - GENERAL NOTE | |
| General note | International Edition. |
| 504 ## - BIBLIOGRAPHY, ETC. NOTE | |
| Bibliography, etc | Includes bibliographical references and indexes. |
| 650 #0 - SUBJECT ADDED ENTRY--TOPICAL TERM | |
| Topical term or geographic name as entry element | Personnel management. |
| 700 1# - ADDED ENTRY--PERSONAL NAME | |
| Personal name | Hollenbeck, John R. |
| 700 1# - ADDED ENTRY--PERSONAL NAME | |
| Personal name | Gerhart, Barry. |
| 700 1# - ADDED ENTRY--PERSONAL NAME | |
| Personal name | Wright, Patrick M. |
| 856 41 - ELECTRONIC LOCATION AND ACCESS | |
| Materials specified | Table of contents only |
| Uniform Resource Identifier | <a href="http://www.loc.gov/catdir/enhancements/fy0625/2005052292-t.html">http://www.loc.gov/catdir/enhancements/fy0625/2005052292-t.html</a> |
| 942 ## - ADDED ENTRY ELEMENTS (KOHA) | |
| Item type | |
| Call number prefix | 658.3N763 |
| Withdrawn status | Item status | Damaged status | Not for loan | Home library | Current library | Shelving location | Date acquired | Source of acquisition | Total Checkouts | Total Renewals | Full call number | Barcode | Date last seen | Date last borrowed | Koha item type |
|---|---|---|---|---|---|---|---|---|---|---|---|---|---|---|---|
| Central Library | Central Library | First floor | 02/10/2007 | Purchase | 5 | 42 | 658.3 NOE | 000006009 | 15/07/2025 | 20/02/2019 | Book - Borrowing | ||||
| Central Library | Central Library | First floor | 02/10/2007 | Purchase | 5 | 658.3 NOE | 000006010 | 15/07/2025 | 21/11/2015 | Book - Borrowing | |||||
| Central Library | Central Library | First floor | 02/10/2007 | Purchase | 658.3 NOE | 000006011 | 15/07/2025 | NB - Book (Non borrowing) |